<?xml version="1.0" encoding="UTF-8"?>
<record
    xmlns:xsi="http://www.w3.org/2001/XMLSchema-instance"
    xsi:schemaLocation="http://www.loc.gov/MARC21/slim http://www.loc.gov/standards/marcxml/schema/MARC21slim.xsd"
    xmlns="http://www.loc.gov/MARC21/slim">

  <leader>01026nam0a22002531  4500</leader>
  <controlfield tag="001">rc\1183477</controlfield>
  <controlfield tag="005">20260407051937.0</controlfield>
  <datafield tag="035" ind1=" " ind2=" ">
    <subfield code="a">(NLR Aleph) 006425414</subfield>
  </datafield>
  <datafield tag="090" ind1=" " ind2=" ">
    <subfield code="a">5492858</subfield>
    <subfield code="c">5492858</subfield>
  </datafield>
  <datafield tag="100" ind1=" " ind2=" ">
    <subfield code="a">20041129d1980    |||y0rusy50      ca</subfield>
  </datafield>
  <datafield tag="101" ind1="0" ind2=" ">
    <subfield code="a">rus</subfield>
  </datafield>
  <datafield tag="102" ind1=" " ind2=" ">
    <subfield code="a">RU</subfield>
  </datafield>
  <datafield tag="105" ind1=" " ind2=" ">
    <subfield code="a">a   |||||||||</subfield>
  </datafield>
  <datafield tag="200" ind1="1" ind2=" ">
    <subfield code="a">&#x41D;&#x435;&#x43A;&#x43E;&#x442;&#x43E;&#x440;&#x44B;&#x435; &#x437;&#x430;&#x434;&#x430;&#x447;&#x438; &#x434;&#x438;&#x43D;&#x430;&#x43C;&#x438;&#x43A;&#x438; &#x43E;&#x441;&#x435;&#x441;&#x438;&#x43C;&#x43C;&#x435;&#x442;&#x440;&#x438;&#x447;&#x43D;&#x43E;&#x433;&#x43E; &#x442;&#x432;&#x435;&#x440;&#x434;&#x43E;&#x433;&#x43E; &#x442;&#x435;&#x43B;&#x430;</subfield>
    <subfield code="e">[&#x421;&#x431;. &#x441;&#x442;&#x430;&#x442;&#x435;&#x439;]</subfield>
    <subfield code="f">&#x41C;&#x413;&#x423; &#x438;&#x43C;. &#x41C;.&#x412;. &#x41B;&#x43E;&#x43C;&#x43E;&#x43D;&#x43E;&#x441;&#x43E;&#x432;&#x430;, &#x418;&#x43D;-&#x442; &#x43C;&#x435;&#x445;&#x430;&#x43D;&#x438;&#x43A;&#x438;</subfield>
    <subfield code="g">&#x41F;&#x43E;&#x434; &#x440;&#x435;&#x434;. &#x411;.&#x42F;. &#x41B;&#x43E;&#x43A;&#x448;&#x438;&#x43D;&#x430;, &#x412;.&#x410;. &#x41F;&#x440;&#x438;&#x432;&#x430;&#x43B;&#x43E;&#x432;&#x430;</subfield>
  </datafield>
  <datafield tag="210" ind1=" " ind2=" ">
    <subfield code="a">&#x41C;.</subfield>
    <subfield code="c">&#x418;&#x437;&#x434;-&#x432;&#x43E; &#x41C;&#x413;&#x423;</subfield>
    <subfield code="d">1980</subfield>
  </datafield>
  <datafield tag="215" ind1=" " ind2=" ">
    <subfield code="a">113 &#x441;.</subfield>
    <subfield code="c">&#x438;&#x43B;.</subfield>
    <subfield code="d">26</subfield>
  </datafield>
  <datafield tag="320" ind1=" " ind2=" ">
    <subfield code="a">&#x411;&#x438;&#x431;&#x43B;&#x438;&#x43E;&#x433;&#x440;. &#x432; &#x43A;&#x43E;&#x43D;&#x446;&#x435; &#x441;&#x442;&#x430;&#x442;&#x435;&#x439;</subfield>
  </datafield>
  <datafield tag="702" ind1=" " ind2="1">
    <subfield code="a">&#x41B;&#x43E;&#x43A;&#x448;&#x438;&#x43D;</subfield>
    <subfield code="b">&#x411;.&#x42F;.</subfield>
    <subfield code="g">&#x411;&#x43E;&#x440;&#x438;&#x441; &#x42F;&#x43A;&#x43E;&#x432;&#x43B;&#x435;&#x432;&#x438;&#x447;</subfield>
    <subfield code="4">340</subfield>
  </datafield>
  <datafield tag="712" ind1="0" ind2="2">
    <subfield code="a">&#x41C;&#x430;&#x440;&#x438;&#x439;&#x441;&#x43A;&#x438;&#x439; &#x43E;&#x431;&#x43B;&#x430;&#x441;&#x442;&#x43D;&#x43E;&#x439; &#x43A;&#x43E;&#x43E;&#x43F;&#x435;&#x440;&#x430;&#x442;&#x438;&#x432;&#x43D;&#x44B;&#x439; &#x441;&#x43E;&#x432;&#x435;&#x442;</subfield>
    <subfield code="3">RU\NLR\AUTH\8810021359</subfield>
    <subfield code="9">540667</subfield>
  </datafield>
  <datafield tag="801" ind1=" " ind2="0">
    <subfield code="a">RU</subfield>
    <subfield code="b">NLR</subfield>
    <subfield code="g">psbo</subfield>
  </datafield>
  <datafield tag="801" ind1=" " ind2="1">
    <subfield code="a">RU</subfield>
    <subfield code="b">ELAR</subfield>
    <subfield code="2">rusmarc</subfield>
  </datafield>
  <datafield tag="852" ind1=" " ind2=" ">
    <subfield code="a">NLR</subfield>
    <subfield code="j">81-7/107</subfield>
  </datafield>
  <datafield tag="942" ind1=" " ind2=" ">
    <subfield code="c">BOOK</subfield>
  </datafield>
  <datafield tag="980" ind1=" " ind2=" ">
    <subfield code="a">NB</subfield>
  </datafield>
  <datafield tag="995" ind1=" " ind2=" ">
    <subfield code="5">2013-10-26</subfield>
    <subfield code="b">NLR01</subfield>
    <subfield code="c">NLR01</subfield>
    <subfield code="e">RF9</subfield>
    <subfield code="f">6425414-10</subfield>
    <subfield code="k">81-7/107</subfield>
    <subfield code="o">0</subfield>
    <subfield code="r">BOOK</subfield>
    <subfield code="s">817107_</subfield>
  </datafield>
</record>
